| 000 | 00807nam a2200277Ia 4500 | ||
|---|---|---|---|
| 008 | 180628s9999 xx 000 0 und d | ||
| 020 | _a978-0-553-2128-3 | ||
| 050 | _aCLA T83a | ||
| 050 | _b2004 | ||
| 100 | _aMark Twain. | ||
| 245 | 4 | _aThe Adventures of Tom Sawyer / | |
| 245 | 0 | _cMark Twain with an afterword by Alfred Kazin. | |
| 260 | _aNew York : | ||
| 260 | _bBantam Books, | ||
| 260 | _c2004 | ||
| 300 | _a213 pages : | ||
| 300 | _c18 cm. | ||
| 500 | _aBantam classic. | ||
| 650 | _aBoys -- Fiction. | ||
| 650 | _aChild witnesses -- Fiction. | ||
| 650 | _aMissouri -- Fiction. | ||
| 650 | _aSawyer, Tom (Fictitious character) -- Fiction. | ||
| 650 | _xMale friendship -- Fiction. | ||
| 650 | _xMississippi River Valley -- Fiction. | ||
| 650 | _xRunaway children -- Fiction. | ||
| 999 |
_c358091 _d358091 |
||